000 01228nam a2200289 a 4500
001 BRCA_2312
005 20190320203745.0
008 200808s2007----mx-a---###---#000-0#spa-#
020 _a9789689068297
041 _aspa
044 _amx
050 4 _aZ1012
_b.C3 2007
245 1 0 _aCatálogo comentado de impresos novohispanos de la Biblioteca Palafoxiana
_bMedicina
_cbajo la coordinación de Elvia Carreño Velázquez ; investigación Adriana De León Ham, Verónica De León Ham, Miguel Ángel Romero Cora.
260 _aMéxico
_bApoyo al Desarrollo de Archivos y Bibliotecas de México
_c2007
300 _a55 p.
_bil.
_c26 cm.
500 _aIncluye glosario
504 _aBibliografía: p. 54-55
610 2 4 _aBiblioteca Palafoxiana
_vCatálogos
_xColecciones particulares
_zPuebla (México)
_96936
610 2 4 _aApoyo al Desarrollo de Archivos y Bibliotecas de México
_zCiudad de México
_96937
650 1 4 _aLibros impresos antiguos
_vCatálogos
_zPuebla (México)
_96938
650 1 4 _aImpresos novohispanos
_xMedicina
_zPuebla (México)
_96939
653 0 _aADABI
700 1 _aCarreño Velázquez, Elvia
_96940
700 1 _aLeón Ham, Adriana de
_96941
700 1 _aLeón Ham, Verónica de
_96942
942 _2lcc
_cB
999 _c2057
_d2057